01529cam a22003017i 450000100090000000300090000900500170001800800410003502000250007603500240010104000430012508200210016810000590018924504150024826400470066330000510071033600260076133700280078733800270081550400510084265000480089365500170094170000370095870000450099594200120104099900170105295201580106915447428EG-ScBUE20250720105901.0080911s2009 enka f b 001 0 eng  a9780199206063 (pbk.) a(OCoLC)ocn243820322 aEG-ScBUEbengerdacEG-ScBUEdEG-ScBUE04a541.28222bATK 1 aAtkins, P. W.q(Peter William),d1940-911376eauthor.10aQuanta, matter, and change :ba molecular approach to physical chemistry /cPeter Atkins, professor of chemistry, University of Oxford, and Fellow of Lincoln College, Oxford, Julio de Paula, professor and dean of the College of Arts and Sciences, Lewis and Clark College, Portland, Oregon, Ronald Friedman, professor and chair of chemistry, Indiana University Purdue University Fort Wayne, Fort Wayne, Indiana. 1aOxford : bOxford University Press,c2009. axxi, 782 pages :bcolor illustrations ;c28 cm 2rdacontentatextbtxt aunmediated2rdamediabn avolumebnc2rdacarrier aIncludes bibliographical references and index. 7aQuantum chemistryvTextbooks.9113772BUEsh vReading book1 aDe Paula, Julio,911378eauthor.1 aFriedman, Ronald,d1962-911379eauthor. 2ddccBB c13386d13386 00102ddc40708AlahramaMAINbMAINc1STd2010-02-14epurchaseg346.00h38l2m9o541.28 ATKp000019246r2025-07-15 00:00:00s2016-08-16w2010-02-14yBB